| 000 | 00659nam a22002057a 4500 | ||
|---|---|---|---|
| 999 |
_c15681 _d15681 |
||
| 003 | AR-CdUCM | ||
| 008 | 190429b ||||| |||| 00| 0 spa d | ||
| 040 |
_aMUNICIPALIDAD PROVINCIAL DEL CUSCO _cBIBLIOTECA MUNICIPAL DEL CUSCO |
||
| 082 |
_a790 / _bM488 / 1980 |
||
| 100 |
_aMedcalf, Juan _934835 |
||
| 245 | _aEchose a andar y las gallinas y las aguilas / | ||
| 260 |
_aLima : _bCeladec, _c1980. |
||
| 300 |
_a40 páginas ; _bIlustraciones, _c20 cm. |
||
| 505 | _aContenido: Teatro peruano. | ||
| 650 |
_aTeatro peruano _92697 |
||
| 650 |
_aPadre Juan _934836 |
||
| 650 |
_aTeatro para la radio _934837 |
||
| 942 |
_2ddc _cLIBROS |
||
| 945 |
_adavv _d29/04/2019 |
||